Statistics for All Countries with 3 Borders

Click here to take the quiz!

General Stats

  • This quiz has been taken 46 times
    (23 since last reset)
  • The average score is 18 of 25

Answer Stats

Answer% Correct
Cambodia
94%
Finland
88%
Gabon
88%
Norway
88%
Togo
88%
Chile
81%
Guyana
81%
Honduras
81%
Mexico
81%
Vietnam
81%
Ghana
75%
Luxembourg
75%
Suriname
75%
Burundi
69%
Djibouti
69%
Malawi
69%
Malaysia
69%
Oman
69%
Paraguay
69%
Eritrea
63%
North Korea
63%
Somalia
56%
Venezuela
56%
Indonesia
50%
Bosnia and Herzegovina
44%

Score Distribution

Percentile by Number Answered

Percent of People with Each Score

Your Score History

You have not taken this quiz since the last reset